Miejscowości graniczące z Dalkowem - Statystyki

Ogólne statystyki
  • Ten quiz został rozwiązany 17 razy
    15 od ostatniego zresetowania
  • Średni wynik to 8 z 10
Statystyki odpowiedzi
Gmina Miejscowości % Poprawnych
Czarnocin Czarnocin
100%
Brójce Kotliny
100%
Brójce Kurowice
100%
Czarnocin Rzepki
100%
Brójce Wardzyn
100%
Czarnocin Zamość
100%
Czarnocin Wola Kutowa
80%
Brójce Kurowice Kościelne
60%
Brójce Pałczew
60%
Czarnocin Zawodzie
20%
Nie znaleziono quizów pasujących do podanych kryteriów
Rozkład punktacji
Procent ludzi z każdym wynikiem
Percentyl według liczby udzielonych odpowiedzi
Twoja historia wyników
Nie rozwiązałeś tego quizu od ostatniego zresetowania